|
|
|
|
| LEADER |
00000cam a2200000 a 4500 |
| 001 |
1/111397 |
| 008 |
160722s2002####gr | ||| |||| ||gre|| |
| 040 |
|
|
|a GR-MyUa
|b gre
|c GR-MyUa
|e AACR2
|
| 041 |
0 |
|
|a gre
|a eng
|
| 082 |
7 |
|
|a 700.92
|2 (23)
|
| 100 |
1 |
|
|a Θεοφυλάκτου, Ελένη.
|
| 245 |
1 |
0 |
|a Ελένη Θεοφυλάκτου =
|b Eleni Theofilaktou.
|
| 246 |
1 |
|
|i Παράλληλος τίτλος:
|a Eleni Theofilaktou
|
| 260 |
|
|
|a [Χ. τ. :
|b χ. ό.],
|c 2002.
|
| 300 |
|
|
|a [10] φύλλα :
|b εικ. ;
|c 15 εκ.
|
| 500 |
|
|
|a Κατάλογος έκθεσης: Art Gallery TinT, Θεσσαλλονίκη, Οκτ - Νοε 2002.
|
| 600 |
1 |
7 |
|2 nlgaf
|a Θεοφυλάκτου, Ελένη
|v Exhibitions.
|
| 852 |
|
|
|a INST
|b SYROS
|e 20160722
|h 700.92 ΘΕΟ
|p 005500012678
|q 005500012678
|t BK
|y 0
|
| 970 |
|
|
|a Κοντού
|b Παρασκευή
|z 22/07/2016
|